00986nmm a2200277 a 450000500170000000700030001700800570002002000180007702000160009504000350011104100080014608200150015424501250016925000230029426400330031730000180035033600270036833700330039533800280042849000220045650000270047865000480050565000620055365000630061570000300067820220317000214.0ta00003022007 ck g spa spa a9789588203201 a95882032001 aCO-BoRNBPbspaerdacCO-BoRNBP aspa04a636.4bM15 0aManual de explotación y reproducción en porcinoscdirector editorial Felipe Durán Ramírezhrecurso electrónico aSegunda edición  aBogotábGrupo Latinoc2007 a1 memoria USB atextobtxt2rdacontent asin mediaciónbn2rdamedia avolumenbnc2rdacarrier aVolvamos al campo aArchivo en formato PDF142LEMBaCria de cerdosvrecurso electrónico1 2LEMBaCría de cerdosvManuales vrecurso electrónico142LEMBaCerdosxCría y desarrollo vrecurso electrónico1 aDurán Ramírez, Felipe